Catalog

Record Details

Catalog Search



Into the water / Paula Hawkins ; Read by Rachel ... Read More

Hawkins, Paula,(author.).
Bavidge, Rachel,(narrator.). Church, Imogen,(narrator.). ... Read More

Available copies

  • 0 of 1 copy available at LARL/NWRL Consortium.

Current holds

0 current holds with 1 total copy.

Show Only Available Copies
Location Call Number / Copy Notes Barcode Shelving Location Status Due Date
Thief River Falls Public Library BOOK-ON-CD HAW (Text) 35500005552813 Main Checked out 07/08/2026

Record details

  • ISBN: 9780525496069
  • ISBN: 0525496068
  • ISBN: 9780525496045
  • ISBN: 0525496041
  • Physical Description: 9 audio discs (11 hr., 30 min.) : digital, CD ... Read More
  • Edition: Unabridged.
  • Publisher: [Westminster, Maryland] : Books on Tape ; [2017]

Content descriptions

General Note:
Title from container.
Creation/Production Credits Note:
Produced & directed by Alexa Moore ; production ... Read More
Participant or Performer Note:
Read by Laura Aikman, Imogen Church, Daniel ... Read More
Summary, etc.:
A single mother turns up dead at the bottom of the ... Read More
Subject: Murder > Fiction.
Rivers > Fiction.
Women > Crimes against > Fiction.
Women > Crimes against > England > Fiction.
Sisters > Death > Fiction.
Aunts > Fiction.
Family secrets > Fiction.
Genre: Detective and mystery fiction.
Thrillers (Fiction)
Psychological fiction.
Topic Heading: Audiobooks, Unabridged.
LDR 02938cim a2200625Ii 4500
001255880
003LARL_NWRL_CONSORTIUM
00520170612190848.0
007sd fungnn|m|ed
008161212p20172017mdunnnn f n eng d
020 . ‡a9780525496069 ‡q(Books on Tape)
020 . ‡a0525496068 ‡q(Books on Tape)
020 . ‡a9780525496045 ‡q(Penguin Audio ; ‡qretail)
020 . ‡a0525496041 ‡q(Penguin Audio ; ‡qretail)
02801. ‡aPRHA 6871 ‡bPenguin Audio
02802. ‡aDD31377
035 . ‡a(OCoLC)965804655
040 . ‡aBTCTA ‡beng ‡erda ‡cBTCTA ‡dBDX ‡dTEFBT ‡dOCLCF ‡dTEF ‡dTEFBT ‡dIZ2 ‡dWPLBT ‡dZGR ‡dJOY ‡dOU9 ‡dTXCAN ‡dOCLCO ‡dOCL ‡dGZD
08204. ‡a823/.92 ‡223
099 . ‡aMYS
1001 . ‡aHawkins, Paula, ‡eauthor. ‡0(LARL_NWRL_CONSORTIUM)221078
24510. ‡aInto the water / ‡cPaula Hawkins ; Read by Rachel Bavidge with a full cast.
250 . ‡aUnabridged.
264 1. ‡a[Westminster, Maryland] : ‡bBooks on Tape ; ‡aNew York : ‡bPenguin Audio, ‡c[2017]
264 4. ‡c℗2017
300 . ‡a9 audio discs (11 hr., 30 min.) : ‡bdigital, CD audio ; ‡c4 3/4 in.
306 . ‡a113000
336 . ‡aspoken word ‡bspw ‡2rdacontent
337 . ‡aaudio ‡bs ‡2rdamedia
338 . ‡aaudio disc ‡bsd ‡2rdacarrier
344 . ‡adigital ‡boptical ‡2rda
347 . ‡aaudio file ‡bCD audio ‡2rda
500 . ‡aTitle from container.
508 . ‡aProduced & directed by Alexa Moore ; production coordinator, Rachel Walker.
5110 . ‡aRead by Laura Aikman, Imogen Church, Daniel Weyman, Sophie Aldred and Rachel Bavidge.
520 . ‡aA single mother turns up dead at the bottom of the river that runs through town. Earlier in the summer, a vulnerable teenage girl met the same fate. They are not the first women lost to these dark waters, but their deaths disturb the river and its history, dredging up secrets long submerged. Left behind is a lonely fifteen-year-old girl. Parentless and friendless, she now finds herself in the care of her mother's sister, a fearful stranger who has been dragged back to the place she deliberately ran from, a place to which she vowed she'd never return.
650 0. ‡aMurder ‡vFiction. ‡0(LARL_NWRL_CONSORTIUM)165989
650 0. ‡aRivers ‡vFiction.
650 0. ‡aWomen ‡xCrimes against ‡vFiction. ‡0(LARL_NWRL_CONSORTIUM)167995
650 0. ‡aWomen ‡xCrimes against ‡zEngland ‡vFiction.
650 0. ‡aSisters ‡xDeath ‡vFiction. ‡0(LARL_NWRL_CONSORTIUM)175054
650 0. ‡aAunts ‡vFiction. ‡0(LARL_NWRL_CONSORTIUM)163196
650 0. ‡aFamily secrets ‡vFiction. ‡0(LARL_NWRL_CONSORTIUM)164948
655 7. ‡aDetective and mystery fiction. ‡2lcgft
655 7. ‡aThrillers (Fiction) ‡2lcgft
655 7. ‡aPsychological fiction. ‡2lcgft
690 . ‡aAudiobooks, Unabridged.
7001 . ‡aBavidge, Rachel, ‡enarrator.
7001 . ‡aChurch, Imogen, ‡enarrator.
7001 . ‡aWeyman, Dan, ‡enarrator.
7001 . ‡aAldred, Sophie, ‡enarrator.
7001 . ‡aAikman, Laura, ‡enarrator.
7102 . ‡aBooks on Tape, Inc. ‡0(LARL_NWRL_CONSORTIUM)144818
7102 . ‡aPenguin Audio (Firm) ‡0(LARL_NWRL_CONSORTIUM)213618
901 . ‡a255880 ‡b ‡c255880 ‡tbiblio

Additional Resources